|
|
|
|
| LEADER |
01065nam a22002777i 4500 |
| 001 |
001954590 |
| 003 |
CZ BrMZK |
| 005 |
20251126122759.0 |
| 007 |
ta |
| 008 |
251120s1938 gw abf er|||||||||||ger d |
| 040 |
|
|
|a ABA007
|b cze
|d ABA007
|d BOA001
|e rda
|
| 041 |
1 |
|
|a ger
|h eng
|
| 100 |
1 |
|
|a Gann, Thomas,
|d 1867-1938
|4 aut
|
| 240 |
1 |
0 |
|a Mexico from the earliest Times to the Conquest.
|l Německy
|
| 245 |
1 |
0 |
|a Götter und Menschen im alten Mexiko :
|b die Kultur der mexikanischen Völker vor der Berührung mit Europa /
|c von Thomas Gann ; aus dem Englischen von Max Müller
|
| 264 |
|
1 |
|a Leipzig :
|b F.A. Brockhaus,
|c 1938
|
| 300 |
|
|
|a 167 stran, 22 nečíslovaných stran obrazových příloh :
|b ilustrace, 1 mapa ;
|c 21 cm
|
| 336 |
|
|
|a text
|b txt
|2 rdacontent
|
| 337 |
|
|
|a bez média
|b n
|2 rdamedia
|
| 338 |
|
|
|a svazek
|b nc
|2 rdacarrier
|
| 546 |
|
|
|a Tištěno švabachem
|
| 700 |
1 |
|
|a Müller, Max
|4 trl
|
| 910 |
|
|
|a BOA001
|b 2-0148.057
|
| 990 |
|
|
|a BK
|
| 991 |
|
|
|b 202511
|
| 996 |
6 |
|
|b BC-2610157
|c 2-0148.057
|l MZK
|r Sklad / do 24 hodin
|n 0
|w 002025789
|u 000010
|a 1
|e BOA001
|j MZK50
|s P
|